|
|
|
|
| LEADER |
00000naa2a2200000 4500 |
| 001 |
190485 |
| 005 |
20231031175919.0 |
| 035 |
|
|
|a (RuTPU)RU\TPU\book\207548
|
| 090 |
|
|
|a 190485
|
| 100 |
|
|
|a 20110124d2010 k y0rusy50 ca
|
| 101 |
0 |
|
|a rus
|
| 102 |
|
|
|a RU
|
| 200 |
1 |
|
|a Надёжность, износостойкость и вибрационно-шумовые показатели при эксплуатации магистральных насосов нм 10000-210 и компрессоров
|f А. П. Кузьменко [и др.]
|g науч. рук. А. В. Рудаченко
|
| 320 |
|
|
|a Библиогр.: 2 назв.
|
| 463 |
|
0 |
|0 (RuTPU)RU\TPU\book\199176
|t Ресурсоэффективным технологиям - энергию и энтузиазм молодых
|o сборник докладов I Университетской конференции студентов элитного технического образования, 19-20 апреля 2010 г. г. Томск
|f Национальный исследовательский Томский политехнический университет (ТПУ)
|v С. 213-215
|d 2010
|p 224 с.
|
| 610 |
1 |
|
|a компрессоры
|
| 610 |
1 |
|
|a насосы
|
| 610 |
1 |
|
|a трубопроводы
|
| 610 |
1 |
|
|a вибрация
|
| 610 |
1 |
|
|a шум
|
| 610 |
1 |
|
|a надёжность
|
| 610 |
1 |
|
|a износостойкость
|
| 610 |
1 |
|
|a труды учёных ТПУ
|
| 701 |
|
1 |
|a Кузьменко
|b А. П.
|
| 701 |
|
1 |
|a Реутов
|b Ю. А.
|
| 701 |
|
1 |
|a Ходенкова
|b М. В.
|
| 701 |
|
1 |
|a Чернобай
|b Д. А.
|
| 702 |
|
1 |
|a Рудаченко
|b А. В.
|c специалист в области нефтегазового дела
|c доцент Томского политехнического университета, кандидат технических наук
|f 1949-
|g Александр Валентинович
|2 stltpush
|4 727
|
| 801 |
|
1 |
|a RU
|b 63413507
|c 20110124
|
| 801 |
|
2 |
|a RU
|b 63413507
|c 20130514
|g RCR
|
| 942 |
|
|
|c BK
|